| 000 | 01029cam a2200265 i 4500 | ||
|---|---|---|---|
| 005 | 20260127104343.0 | ||
| 008 | 250721s2006 jo gr 000 0 ara d | ||
| 082 | 1 | 4 |
_a351.9565 _b ط ر ا |
| 100 | 1 |
_aالطراونة، محمد إبراهيم _eمؤلف. |
|
| 245 | 1 | 0 |
_aأثر الإصلاح الإداري في التنمية : _bالتجربة الأردنية / _cالدكتور محمد ابراهيم الطراونة. |
| 250 | _aالطبعة الاولى. | ||
| 264 | 3 | 1 |
_aعمان : _bدار اليراع للنشر و التوزيع، _c2006. |
| 300 | _a320صفحة. | ||
| 650 | 1 | 7 | _aالإدارة العامة. |
| 650 | 1 | 7 | _aالاصلاحات الإدارية. |
| 650 | 1 | 7 | _aالبيروقراطية. |
| 650 | 1 | 7 | _aالتكنوقراطية. |
| 650 | 1 | 7 | _aالرقيب العام. |
| 650 | 1 | 7 | _aالفساد. |
| 650 | 1 | 7 | _aالتنمية الادارية. |
| 650 | 1 | 7 | _aالخصخصة. |
| 650 | 1 | 7 | _aالأردن. |
| 942 |
_2ddc _cBK |
||
| 999 |
_c97353 _d97353 |
||